टिप्पणी लेखन के सिद्धान्त / (Record no. 120154)

MARC details
000 -LEADER
fixed length control field 01319nam a22002777a 4500
005 - DATE AND TIME OF LATEST TRANSACTION
control field 20170124103153.0
010 ## - LIBRARY OF CONGRESS CONTROL NUMBER
LC control number B-049946
020 ## - INTERNATIONAL STANDARD BOOK NUMBER
Terms of availability 125.00
International Standard Book Number 8185256144
035 ## - SYSTEM CONTROL NUMBER
System control number B-049946
037 ## - SOURCE OF ACQUISITION
Source of stock number/acquisition Cen Lib/Ret
040 ## - CATALOGING SOURCE
Original cataloging agency DPL
Language of cataloging HN
082 ## - DEWEY DECIMAL CLASSIFICATION NUMBER
Classification number 651.7
Item number टण्डन
100 ## - MAIN ENTRY--PERSONAL NAME
Personal name टण्डन, पूरनचन्द
9 (RLIN) 88801
245 ## - TITLE STATEMENT
Title टिप्पणी लेखन के सिद्धान्त /
Statement of responsibility, etc पूरनचन्द टण्डन [और] प्रकाश चन्द्र भट्ट
246 ## - VARYING FORM OF TITLE
Title proper/short title Tippani lekhan ke siddhant /
Remainder of title by Puran Chand Tandon [aur] Prakash Chandra Bhatt
260 ## - PUBLICATION, DISTRIBUTION, ETC. (IMPRINT)
Place of publication, distribution, etc दिल्ली
Name of publisher, distributor, etc विद्यार्थी प्रकाशन
Date of publication, distribution, etc 2001
270 ## - ADDRESS
Address के-71, कृष्ण नगर
City दिल्ली
Postal code 110051
300 ## - PHYSICAL DESCRIPTION
Extent 128पृ.
Dimensions 21सेमी (सजिल्द)
500 ## - GENERAL NOTE
General note परिशिष्ट शामिल
650 ## - SUBJECT ADDED ENTRY--TOPICAL TERM
Topical term or geographic name as entry element हिन्दी राजभाषा
9 (RLIN) 88802
650 ## - SUBJECT ADDED ENTRY--TOPICAL TERM
Topical term or geographic name as entry element हिन्दी राजभाषा -- पत्र लेखन
9 (RLIN) 87826
650 ## - SUBJECT ADDED ENTRY--TOPICAL TERM
Topical term or geographic name as entry element Hindi Language
9 (RLIN) 9446
650 ## - SUBJECT ADDED ENTRY--TOPICAL TERM
Topical term or geographic name as entry element Hindi Language -- Letter writing
9 (RLIN) 88803
700 ## - ADDED ENTRY--PERSONAL NAME
Personal name भट्ट, प्रकाश चन्द्र
9 (RLIN) 57902
942 ## - ADDED ENTRY ELEMENTS (KOHA)
Source of classification or shelving scheme Dewey Decimal Classification
Koha item type Hindi Books
Classification part 651.7
Call number suffix टण्डन
Holdings
Withdrawn status Lost status Damaged status Not for loan Home library Current library Date acquired Source of acquisition Cost, normal purchase price Total Checkouts Full call number Barcode Date last seen Copy number Cost, replacement price Price effective from Koha item type
        Central Library Central Library 21/09/2015 Cen Lib/Ret 125.00   651.7 टण्डन B-049946 21/09/2015 1 125.00 21/09/2015 Hindi Books

© Delhi Public Library
Hit Counter
free hit counter